00831nas a2200241Ia 4500001002800000003001000028008004100038040002500079041001200104100001900116210002000135222002000155240008000175245008000255250001100335260000900346501012300355300001400478362002500492500004000517650002100557700001100578A01/R001-20965 [r000020121]IT-MiCISF161014c99999999xx |||||||||||| ||und|| aIT-MiCISFcIT-MiCISF aTEDESCO aStorath Roland aFamiliendynamik aFamiliendynamik aSag mir (nicht) was ich tun soll! Uberlegungen zur Elternberatung in Schule 0aSag mir (nicht) was ich tun soll! Uberlegungen zur Elternberatung in Schule a1a ed. c1998 bCISF - Centro Internazionale Studi Famiglia - Via Giotto, 36 20145 MILANO (non commercial uses only)cCopyright 2016 app. 60-80 an. 1, gennaio [1998] a Tema: scuola, famiglia, consulenza aSCUOLAvarticolo aAA.VV.